000 00533nam a2200157Ia 4500
008 230907s9999||||xx |||||||||||||| ||und||
082 _a621.3
_bTAL
100 _aTalha Bin Tahir (00000317536)
_9116634
245 0 _aBoundary Layer Ingestion Fan Stage Internal Flow Analysis and Characterization of Secondary Flow Topography in the Blade Channel /
260 _aUSPCAS-E, NUST,
_bIslamabad :
_c2021
300 _axii, 56 p.
520 _aTH-309
650 _aMS-TEE Thesis
_9116575
700 _aDr Adeel Javed
942 _cTHE
_2ddc
999 _c601987
_d601987